[Event "CAN-ch"]
[Site "Baie-Comeau CAN"]
[Date "1987.06.28"]
[Round "6"]
[White "Chabot, Roland"]
[Black "Hartman, Brian"]
[Result "0-1"]
[WhiteElo "1982"]
[BlackElo "2464"]
[PlyCount "79"]
[GameId "2160767912649633"]
[EventDate "1987.06.22"]
[EventType "tourn"]
[EventRounds "9"]
[EventCountry "CAN"]

1. d4 Nf6 2. c4 c5 3. d5 b5 4. Nf3 g6 5. cxb5 a6 6. Nc3 Bg7 7. e4 O-O 8. bxa6 d6 9. Be2 Bxa6 10. O-O Nbd7 11. h3 Nb6 12. Re1 Nfd7 13. Bxa6 Rxa6 14. Qe2 Qa8 15. Bg5 Nc8 16. Bf4 Rb6 17. Rad1 Rb4 18. a3 Rb3 19. e5 Qb7 20. Rd2 Ndb6 21. Red1 Qa8 22. Qe4 Qb7 23. Qc2 Nc4 24. Re2 Rxb2 25. Qa4 N8b6 26. Qc6 Qxc6 27. dxc6 Rxe2 28. Nxe2 dxe5 29. Bg5 f6 30. Be3 Nxe3 31. fxe3 Rc8 32. Nc3 Rxc6 33. a4 e4 34. a5 exf3 35. axb6 Rxb6 36. gxf3 Kf7 37. Na4 Rc6 38. Rc1 c4 39. Nb2 c3 40. Nd1 0-1

[Event "CAN-ch"]
[Site "Baie-Comeau CAN"]
[Date "1987.06.??"]
[Round "7"]
[White "Hartman, Brian"]
[Black "Gentes, Kevin"]
[Result "1-0"]
[WhiteElo "2340"]
[BlackElo "2210"]
[PlyCount "81"]
[GameId "2160767912649635"]
[EventDate "1987.06.22"]
[EventType "tourn"]
[EventRounds "9"]
[EventCountry "CAN"]
[SourceTitle "EXT 2002"]
[Source "ChessBase"]
[SourceDate "2001.11.25"]
[SourceVersion "1"]
[SourceVersionDate "2001.11.25"]
[SourceQuality "1"]

1. e4 e5 2. Nf3 Nc6 3. Bb5 Nf6 4. d3 d6 5. c3 g6 6. Nbd2 Bg7 7. Nf1 O-O 8. Ng3 a6 9. Ba4 b5 10. Bb3 Na5 11. Bc2 c5 12. O-O Nc6 13. h3 d5 14. Bg5 d4 15. cxd4 cxd4 16. Bb3 Be6 17. Bxe6 fxe6 18. Rc1 Qd6 19. h4 Ne7 20. Qd2 Ng4 21. Nh2 Nxh2 22. Kxh2 h5 23. Qa5 Rac8 24. Kg1 Rxc1 25. Rxc1 Rc8 26. Ne2 Rxc1+ 27. Nxc1 Kf7 28. b4 Qc6 29. Nb3 Qc2 30. Nc5 Bf6 31. Qxa6 Bxg5 32. Qxe6+ Kg7 33. hxg5 Qc1+ 34. Kh2 Qf4+ 35. Kh3 Qxg5 36. Nd7 Kh6 37. Nxe5 Qf4 38. Qxe7 Qxf2 39. Nf7+ Kg7 40. Nd8+ Kh6 41. Ne6 1-0

[Event "CAN-ch"]
[Site "Baie-Comeau CAN"]
[Date "1987.06.30"]
[Round "8"]
[White "St Amand, Paul Jr"]
[Black "Hartman, Brian"]
[Result "0-1"]
[WhiteElo "2041"]
[BlackElo "2464"]
[PlyCount "106"]
[GameId "2160767912649644"]
[EventDate "1987.06.22"]
[EventType "tourn"]
[EventRounds "9"]
[EventCountry "CAN"]

1. e4 e5 2. Nf3 Nc6 3. Bb5 a6 4. Ba4 Nf6 5. O-O Be7 6. Re1 b5 7. Bb3 d6 8. c3 O-O 9. h3 Nd7 10. d4 Bf6 11. a4 Na5 12. Bc2 Bb7 13. d5 Nb6 14. b4 Nac4 15. a5 Nc8 16. Bb3 c6 17. dxc6 Bxc6 18. Na3 Nxa3 19. Bxa3 Ne7 20. Rc1 Qd7 21. c4 Rad8 22. cxb5 Bxb5 23. Bc4 Ng6 24. Bxb5 Qxb5 25. g3 Be7 26. Qe2 Qa4 27. Ra1 Ra8 28. Reb1 Qd7 29. Kg2 Rfb8 30. Ne1 h6 31. Nc2 Qc6 32. f3 d5 33. exd5 Qxd5 34. Ne3 Qb5 35. Qxb5 Rxb5 36. Rb3 Rab8 37. Rab1 h5 38. h4 Bf8 39. Kf2 Bc5 40. Ke2 Bxe3 41. Kxe3 Ne7 42. R3b2 Nf5+ 43. Kf2 Rc8 44. Re2 Nd4 45. Ra2 Rc3 46. Rd1 Rxf3+ 47. Kg2 Rc3 48. Rdd2 Nf5 49. Rd8+ Kh7 50. Ra8 Rxg3+ 51. Kh2 Rg6 52. Rc2 Rd5 53. Bc1 Rd4 0-1

[Event "RA Winter op"]
[Site "Ottawa CAN"]
[Date "1987.01.??"]
[Round "?"]
[White "Hartman, Brian"]
[Black "Loadman, Ian"]
[Result "1-0"]
[WhiteElo "2463"]
[BlackElo "2261"]
[PlyCount "67"]
[GameId "2160767912650238"]
[EventDate "1987.01.10"]
[EventType "swiss"]
[EventRounds "5"]
[EventCountry "CAN"]
[SourceTitle "CFC 1987.10"]

1. e4 c5 2. Nf3 e6 3. d4 cxd4 4. Nxd4 Nf6 5. Nc3 d6 6. Be2 Be7 7. O-O O-O 8. f4 Nc6 9. Be3 a6 10. a4 Qc7 11. Qe1 Nxd4 12. Bxd4 e5 13. fxe5 dxe5 14. Qg3 Bc5 15. Bxc5 Qxc5+ 16. Kh1 Kh8 17. Qg5 Qe7 18. Rad1 h6 19. Qg3 Bd7 20. Rxf6 gxf6 21. Qh4 Kg7 22. Nd5 Qd6 23. Rd3 Rh8 24. Nxf6 Qxf6 25. Rg3+ Qg6 26. Rxg6+ Kxg6 27. Bh5+ Kg7 28. Qg3+ Kf8 29. Qxe5 Rh7 30. Qd6+ Ke8 31. h3 Bc6 32. b4 Bxa4 33. e5 Rd8 34. Qf6 1-0

[Event "Arnprior op"]
[Site "Arnprior CAN"]
[Date "1987.??.??"]
[Round "?"]
[White "Armstrong, John"]
[Black "Hartman, Brian"]
[Result "0-1"]
[WhiteElo "2158"]
[BlackElo "2463"]
[PlyCount "56"]
[GameId "2160767912650275"]
[EventDate "1987.??.??"]
[EventType "swiss"]
[EventRounds "5"]
[EventCountry "CAN"]
[SourceTitle "CFC 1987.10"]

1. d4 Nf6 2. c4 c5 3. Nf3 cxd4 4. Nxd4 e5 5. Nc2 b5 6. cxb5 Bb7 7. Bg5 Bc5 8. e3 a6 9. b4 Be7 10. f3 e4 11. f4 O-O 12. Nc3 axb5 13. Nxb5 Na6 14. a3 Bc6 15. Nbd4 Ba4 16. Qd2 Qb6 17. Rc1 Rfc8 18. Rb1 h6 19. Bh4 Nc7 20. Bxf6 Bxf6 21. Be2 Nb5 22. Nxb5 Bxb5 23. Bxb5 Bc3 24. a4 Bxd2+ 25. Kxd2 Rxc2+ 26. Kxc2 Rc8+ 27. Kb2 Qxe3 28. Rbd1 Qf2+ 0-1

[Event "Eastern Ontario op"]
[Site "Ottawa CAN"]
[Date "1986.08.??"]
[Round "?"]
[White "Ross, Paul"]
[Black "Hartman, Brian"]
[Result "0-1"]
[WhiteElo "2307"]
[BlackElo "2463"]
[PlyCount "98"]
[GameId "2160767912650915"]
[EventDate "1986.08.16"]
[EventType "swiss"]
[EventRounds "5"]
[EventCountry "CAN"]
[SourceTitle "CFC 1987.10"]

1. d4 Nf6 2. c4 c5 3. d5 b5 4. Bg5 Ne4 5. Bf4 d6 6. f3 Nf6 7. a4 bxc4 8. e4 g6 9. Bxc4 Bg7 10. Bd2 Ba6 11. Na3 Nfd7 12. Qc2 O-O 13. Ne2 Ne5 14. Rb1 Nxc4 15. Nxc4 e6 16. O-O exd5 17. exd5 Nd7 18. Rfe1 Qh4 19. Nf4 Bd4+ 20. Kh1 Bxc4 21. Qxc4 Ne5 22. Qf1 Rab8 23. Re4 Qd8 24. b3 Nd7 25. Qe1 Nf6 26. Re2 Re8 27. Be3 Qd7 28. g4 Qb7 29. Bxd4 cxd4 30. Rxe8+ Rxe8 31. Qd2 Nxd5 32. Kg2 Nxf4+ 33. Qxf4 Qd5 34. Kg3 d3 35. b4 g5 36. Qd2 Qe5+ 37. Kh3 Re6 38. Kg2 Qd5 39. Qc3 Re2+ 40. Kg3 Qa2 41. Rg1 Rxh2 42. Qc8+ Kg7 43. Qc3+ f6 44. Qc7+ Kg6 45. Qxa7 Rh4 46. Rg2 Qe6 47. Qd4 Qe1+ 48. Qf2 d2 49. Rg1 Rh3+ 0-1

[Event "CAN-ch"]
[Site "Winnipeg CAN"]
[Date "1986.??.??"]
[Round "?"]
[White "Allan, Denis"]
[Black "Hartman, Brian"]
[Result "1-0"]
[WhiteElo "2280"]
[BlackElo "2380"]
[PlyCount "113"]
[GameId "2160767912651063"]
[EventDate "1986.07.12"]
[EventType "tourn"]
[EventRounds "15"]
[EventCountry "CAN"]
[SourceTitle "CBM 004"]
[Source "ChessBase"]
[SourceDate "2004.01.01"]
[SourceVersion "1"]
[SourceVersionDate "2004.01.01"]
[SourceQuality "1"]

1. c4 Nf6 2. Nc3 g6 3. d4 Bg7 4. e4 d6 5. Nge2 O-O 6. Ng3 Na6 7. Be2 c5 8. d5 Nc7 9. Bg5 a6 10. a4 e6 11. Qd2 exd5 12. exd5 Bd7 13. Qf4 Qe7 14. Nce4 Nce8 15. O-O Rc8 16. a5 Rc7 17. Bf3 Qe5 18. Qxe5 dxe5 19. Nxf6+ Bxf6 20. Bxf6 Nxf6 21. d6 Rcc8 22. Bxb7 Rb8 23. Bxa6 Rxb2 24. Rfd1 Ra8 25. Bb5 Bxb5 26. cxb5 Rxb5 27. a6 Nd7 28. Ne4 Rb6 29. a7 Rb7 30. Rac1 Rb5 31. Ra1 f5 32. Nf6+ Nxf6 33. d7 Nxd7 34. Rxd7 Rb6 35. Rc7 c4 36. Rxc4 Rb7 37. Rca4 Kf7 38. Ra6 e4 39. g3 Ke7 40. h4 Kf7 41. Kf1 Kg7 42. R1a5 Rf7 43. Ke2 Rd7 44. Ra3 Kh6 45. Ke3 Kh5 46. Kf4 Rd2 47. Ra2 Rd3 48. R6a3 Rd5 49. Ra5 Rd3 50. g4+ Kxh4 51. gxf5 e3 52. fxe3 g5+ 53. Ke4 Rd7 54. f6 g4 55. Kf4 g3 56. Kf3 Rg7 57. R2a4+ 1-0

[Event "CAN-ch"]
[Site "Winnipeg CAN"]
[Date "1986.??.??"]
[Round "?"]
[White "Baragar, Fletcher"]
[Black "Hartman, Brian"]
[Result "1/2-1/2"]
[WhiteElo "2270"]
[BlackElo "2380"]
[PlyCount "129"]
[GameId "2160767912651070"]
[EventDate "1986.07.12"]
[EventType "tourn"]
[EventRounds "15"]
[EventCountry "CAN"]
[SourceTitle "CBM 004"]
[Source "ChessBase"]
[SourceDate "2004.01.01"]
[SourceVersion "1"]
[SourceVersionDate "2004.01.01"]
[SourceQuality "1"]

1. d4 Nf6 2. c4 c5 3. d5 b5 4. cxb5 a6 5. e3 g6 6. Nc3 Bg7 7. a4 O-O 8. Ra3 Bb7 9. Nf3 e6 10. dxe6 fxe6 11. Qd6 Qc8 12. Be2 axb5 13. Bxb5 Nd5 14. O-O Nxc3 15. bxc3 Bxf3 16. gxf3 Rxf3 17. Rd1 Rf7 18. e4 Bf8 19. Qg3 Qb7 20. Re1 Nc6 21. Bg5 c4 22. Raa1 Bg7 23. Bxc6 Qxc6 24. a5 Raf8 25. Bd2 Rf3 26. Qg2 Rd3 27. Red1 Qd6 28. e5 Bxe5 29. a6 Qd5 30. Qxd5 Rxd5 31. a7 Ra8 32. Be3 Bxc3 33. Rdb1 Be5 34. Ra4 c3 35. Rc4 Rd3 36. Rb8+ Bxb8 37. Rc8+ Kf7 38. axb8=Q Rxb8 39. Rxb8 d5 40. Rc8 e5 41. Rc7+ Ke6 42. Kf1 Kd6 43. Rc8 d4 44. Ke2 e4 45. Bxd4 Rxd4 46. Rxc3 Ke5 47. Rc7 h5 48. f3 Ra4 49. Rc2 exf3+ 50. Kxf3 Rg4 51. Ra2 Kf6 52. Ra5 Kg7 53. Ra7+ Kh6 54. Ra5 Rg5 55. Ra4 Rg1 56. Kf2 Rg4 57. Ra5 h4 58. Ra3 Kh5 59. Rb3 Rd4 60. Kg2 Kg4 61. Rb1 Rd2+ 62. Kg1 Re2 63. Rb4+ Kf3 64. Rb3+ Re3 65. Rb1 1/2-1/2

[Event "CAN-ch"]
[Site "Winnipeg CAN"]
[Date "1986.??.??"]
[Round "?"]
[White "Hartman, Brian"]
[Black "Pajak, John"]
[Result "0-1"]
[WhiteElo "2380"]
[BlackElo "2310"]
[PlyCount "64"]
[GameId "2160767912651086"]
[EventDate "1986.07.12"]
[EventType "tourn"]
[EventRounds "15"]
[EventCountry "CAN"]
[SourceTitle "CBM 004"]
[Source "ChessBase"]
[SourceDate "2004.01.01"]
[SourceVersion "1"]
[SourceVersionDate "2004.01.01"]
[SourceQuality "1"]

1. d4 Nf6 2. c4 e6 3. Nc3 Bb4 4. a3 Bxc3+ 5. bxc3 h6 6. f3 d6 7. e4 c5 8. Bd3 e5 9. Ne2 Nc6 10. Be3 b6 11. O-O Qe7 12. Kh1 Na5 13. f4 exd4 14. cxd4 Nxe4 15. Bxe4 Qxe4 16. Nc3 Qc6 17. f5 Ba6 18. dxc5 Nxc4 19. Re1 O-O-O 20. cxb6 axb6 21. Nd5 Rhe8 22. Nb4 Qb5 23. Rc1 Bb7 24. Qg4 Re4 25. Qxg7 Kb8 26. Bxh6 Qxf5 27. Rf1 Qe6 28. Rxf7 Rd7 29. Qf8+ Ka7 30. Rf2 Rh7 31. Bf4 Re1+ 32. Rf1 Qe2 0-1

[Event "CAN-ch"]
[Site "Winnipeg CAN"]
[Date "1986.??.??"]
[Round "?"]
[White "Hartman, Brian"]
[Black "Spraggett, Kevin"]
[Result "1/2-1/2"]
[WhiteElo "2380"]
[BlackElo "2525"]
[PlyCount "39"]
[GameId "2160767912651089"]
[EventDate "1986.07.12"]
[EventType "tourn"]
[EventRounds "15"]
[EventCountry "CAN"]
[SourceTitle "CBM 004"]
[Source "ChessBase"]
[SourceDate "2004.01.01"]
[SourceVersion "1"]
[SourceVersionDate "2004.01.01"]
[SourceQuality "1"]

1. e4 c5 2. Nf3 Nc6 3. d4 cxd4 4. Nxd4 Nf6 5. Nc3 d6 6. Bc4 Qb6 7. Ndb5 a6 8. Be3 Qa5 9. Nd4 Ne5 10. Nb3 Qc7 11. Bd3 e6 12. a4 b6 13. f4 Nxd3+ 14. cxd3 Be7 15. Rc1 Qb7 16. O-O O-O 17. g4 Re8 18. g5 Nd7 19. Qf3 Bd8 20. Rc2 1/2-1/2

[Event "CAN-ch"]
[Site "Winnipeg CAN"]
[Date "1986.??.??"]
[Round "?"]
[White "Hartman, Brian"]
[Black "Yanofsky, Abe"]
[Result "1/2-1/2"]
[WhiteElo "2380"]
[BlackElo "2390"]
[PlyCount "130"]
[GameId "2160767912651090"]
[EventDate "1986.07.12"]
[EventType "tourn"]
[EventRounds "15"]
[EventCountry "CAN"]
[SourceTitle "CBM 004"]
[Source "ChessBase"]
[SourceDate "2004.01.01"]
[SourceVersion "1"]
[SourceVersionDate "2004.01.01"]
[SourceQuality "1"]

1. e4 c6 2. d4 d5 3. Nc3 dxe4 4. Nxe4 Nd7 5. Bc4 Ngf6 6. Ng5 e6 7. Ne2 Nb6 8. Bd3 c5 9. dxc5 Bxc5 10. O-O h6 11. Nf3 O-O 12. a3 a5 13. Ng3 Nbd7 14. Qe2 b6 15. Ne4 Bb7 16. Nxc5 Nxc5 17. Bb5 Qc7 18. Ne5 Rfd8 19. Ng4 Nce4 20. Bd3 Nxg4 21. Qxg4 Nf6 22. Qg3 Qxg3 23. hxg3 Ba6 24. Bxa6 Rxa6 25. a4 Rc8 26. c3 Nd5 27. Rd1 Ra7 28. Rd4 Rac7 29. Bd2 Rc5 30. f3 Kf8 31. g4 Ke7 32. Re1 Nf6 33. Rd1 Nd5 34. Kf2 Rc4 35. Rxc4 Rxc4 36. b3 Rc6 37. c4 Nc7 38. Bc3 f6 39. Bb2 Na6 40. Ba3+ Nb4 41. Rd2 Ke8 42. f4 Na6 43. f5 Nc5 44. Bxc5 bxc5 45. fxe6 Rxe6 46. Rd5 Rc6 47. Ke3 Ke7 48. Kd3 Rc8 49. Ke4 Ke6 50. Kd3 Ke7 51. Kc3 Rc6 52. Kd3 Rc8 53. b4 axb4 54. a5 Ke6 55. Kc2 g6 56. Kb3 f5 57. gxf5+ gxf5 58. Ka4 Rb8 59. Kb3 Rc8 60. Rd3 Rb8 61. Rh3 Rg8 62. Rxh6+ Kd7 63. Ka4 Rxg2 64. Kb5 b3 65. Kxc5 Re2 1/2-1/2

[Event "CAN-ch"]
[Site "Winnipeg CAN"]
[Date "1986.??.??"]
[Round "?"]
[White "Stone, Raymond"]
[Black "Hartman, Brian"]
[Result "1/2-1/2"]
[WhiteElo "2305"]
[BlackElo "2380"]
[PlyCount "64"]
[GameId "2160767912651156"]
[EventDate "1986.07.12"]
[EventType "tourn"]
[EventRounds "15"]
[EventCountry "CAN"]
[SourceTitle "CBM 004"]
[Source "ChessBase"]
[SourceDate "2004.01.01"]
[SourceVersion "1"]
[SourceVersionDate "2004.01.01"]
[SourceQuality "1"]

1. d4 Nf6 2. Nf3 g6 3. c4 d5 4. Nc3 Bg7 5. cxd5 Nxd5 6. e4 Nxc3 7. bxc3 O-O 8. Be3 c5 9. Rc1 Qa5 10. Qd2 cxd4 11. cxd4 Qxd2+ 12. Nxd2 e6 13. Nb3 b6 14. Bd3 Bb7 15. Rc7 Ba6 16. Bc4 Bf6 17. Ke2 Bd8 18. Bxa6 Nxa6 19. Rd7 Bc7 20. Rc1 Rac8 21. Bg5 Bb8 22. d5 exd5 23. exd5 Rfe8+ 24. Kf3 Rxc1 25. Bxc1 Nb4 26. Be3 Nxa2 27. Nd4 Nb4 28. Nc6 Nd3 29. Rb7 Bd6 30. g3 Ne5+ 31. Nxe5 Bxe5 32. Rxa7 Rd8 1/2-1/2

[Event "Kalev Pugi mem"]
[Site "Toronto CAN"]
[Date "1985.??.??"]
[Round "2"]
[White "Hartman, Brian"]
[Black "Norwood, David"]
[Result "1/2-1/2"]
[WhiteElo "2350"]
[BlackElo "2335"]
[PlyCount "101"]
[GameId "2160767912717522"]
[EventDate "1985.12.26"]
[EventType "tourn"]
[EventRounds "11"]
[EventCountry "CAN"]
[SourceTitle "EXT 1999"]
[Source "ChessBase"]
[SourceDate "1998.11.10"]
[SourceVersion "1"]
[SourceVersionDate "1998.11.10"]
[SourceQuality "1"]

1. e4 g6 2. d4 Bg7 3. Nf3 d6 4. Be2 Nf6 5. Nc3 O-O 6. O-O c6 7. Re1 Nbd7 8. a4 e5 9. dxe5 dxe5 10. Bc4 Qe7 11. b3 Nc5 12. Ba3 a5 13. Qd2 Nfd7 14. Qe3 Kh8 15. Qg5 f6 16. Qh4 Re8 17. Re3 Nf8 18. Ne1 Nfe6 19. Nd3 b6 20. Nxc5 bxc5 21. Ne2 Bf8 22. Rf1 Qg7 23. f4 exf4 24. Nxf4 Qh6 25. Qxh6 Bxh6 26. Bxe6 Bxe6 27. Bxc5 Rad8 28. e5 fxe5 29. Rxe5 Bf5 30. Rxe8+ Rxe8 31. Bd4+ Kg8 32. Nh5 Be3+ 33. Bxe3 Rxe3 34. Ng3 Bxc2 35. Rc1 Bxb3 36. Rxc6 Bxa4 37. Rc5 Rb3 38. Rxa5 Rb1+ 39. Kf2 Rb2+ 40. Ke3 Bc6 41. Rc5 Bxg2 42. Rc7 Bd5 43. h4 Rb3+ 44. Kf4 Rf3+ 45. Kg4 h5+ 46. Nxh5 gxh5+ 47. Kxh5 Bf7+ 48. Kh6 Rf6+ 49. Kg5 Kg7 50. h5 Rf1 51. h6+ 1/2-1/2

[Event "Kalev Pugi mem"]
[Site "Toronto CAN"]
[Date "1985.??.??"]
[Round "3"]
[White "Day, Lawrence"]
[Black "Hartman, Brian"]
[Result "1-0"]
[WhiteElo "2400"]
[BlackElo "2350"]
[PlyCount "128"]
[GameId "2160767912717528"]
[EventDate "1985.12.26"]
[EventType "tourn"]
[EventRounds "11"]
[EventCountry "CAN"]
[SourceTitle "EXT 1999"]
[Source "ChessBase"]
[SourceDate "1998.11.10"]
[SourceVersion "1"]
[SourceVersionDate "1998.11.10"]
[SourceQuality "1"]

1. e4 e5 2. f4 d5 3. exd5 exf4 4. Nf3 Nf6 5. Bb5+ c6 6. dxc6 Nxc6 7. d4 Bd6 8. O-O O-O 9. Nc3 Qb6 10. a4 Bg4 11. Ne2 Rad8 12. c3 Ne7 13. Bxf4 Bxf4 14. Nxf4 a6 15. Bd3 Qxb2 16. Qe1 Ned5 17. Nxd5 Nxd5 18. Rc1 Bxf3 19. Rc2 Qb3 20. Rxf3 Rde8 21. Qa1 g6 22. Rc1 Re7 23. Bc2 Qb6 24. a5 Qc7 25. Bb3 Ne3 26. c4 Nxg2 27. c5 Nh4 28. Rf2 Re3 29. Bd5 Qe7 30. Kh1 Re2 31. Rxe2 Qxe2 32. Rf1 Nf5 33. Bxb7 Nxd4 34. Bg2 Nb3 35. Qc3 Nd2 36. Rc1 Re8 37. c6 Qf2 38. Qg3 Qf5 39. c7 Nc4 40. Qc3 Nd6 41. Qc6 Qe5 42. Qxa6 Rc8 43. Qd3 Ne8 44. Qd2 Rxc7 45. Re1 Qb5 46. Qd5 Qa4 47. Qe5 Rc8 48. Bb7 Rd8 49. a6 Nd6 50. Ra1 Qb4 51. Qa5 Qxa5 52. Rxa5 Nc4 53. Ra1 Nb6 54. a7 Na8 55. Kg2 Kg7 56. Kf3 h6 57. Ke4 Kf6 58. Bxa8 Rxa8 59. Kd5 Kf5 60. Kc6 Kg4 61. Kb7 Rxa7+ 62. Rxa7 Kh3 63. Ra2 g5 64. Kc6 g4 1-0

[Event "Kalev Pugi mem"]
[Site "Toronto CAN"]
[Date "1985.??.??"]
[Round "4"]
[White "Hartman, Brian"]
[Black "Shtern, Igor"]
[Result "0-1"]
[WhiteElo "2350"]
[BlackElo "2265"]
[PlyCount "107"]
[GameId "2160767912717534"]
[EventDate "1985.12.26"]
[EventType "tourn"]
[EventRounds "11"]
[EventCountry "CAN"]
[SourceTitle "EXT 1999"]
[Source "ChessBase"]
[SourceDate "1998.11.10"]
[SourceVersion "1"]
[SourceVersionDate "1998.11.10"]
[SourceQuality "1"]

1. e4 c5 2. Nf3 Nc6 3. d4 cxd4 4. Nxd4 Nf6 5. Nc3 e6 6. Ndb5 d6 7. Bf4 e5 8. Bg5 a6 9. Na3 Be6 10. Nc4 Rc8 11. Bd3 Nd4 12. Ne3 Be7 13. O-O O-O 14. a4 Rc5 15. Kh1 Nc6 16. Bxf6 Bxf6 17. Ncd5 Nb8 18. b4 Rc8 19. Nxf6+ Qxf6 20. Qd2 Rfd8 21. Rab1 Qf4 22. Rfd1 Nd7 23. a5 h5 24. f3 h4 25. Qf2 Nf6 26. c4 g6 27. Kg1 Nh5 28. Bf1 Qg5 29. Rb2 Nf4 30. Kh1 Kg7 31. Rbd2 Qe7 32. Kg1 Qg5 33. Qe1 Rc6 34. c5 Bb3 35. Rb1 Be6 36. Rbd1 Bb3 37. Rc1 dxc5 38. Rxd8 Qxd8 39. Qc3 cxb4 40. Qxe5+ f6 41. Qxf4 Rxc1 42. Nf5+ gxf5 43. Qxc1 Qxa5 44. Qc8 Qb6+ 45. Kh1 Be6 46. Qb8 fxe4 47. fxe4 b3 48. e5 b2 49. exf6+ Kxf6 50. Qf8+ Ke5 51. Qg7+ Kd5 52. Qg5+ Kd6 53. Qd2+ Ke7 54. Qe2 0-1

[Event "Kalev Pugi mem"]
[Site "Toronto CAN"]
[Date "1985.??.??"]
[Round "5"]
[White "Wolff, Patrick"]
[Black "Hartman, Brian"]
[Result "1-0"]
[WhiteElo "2305"]
[BlackElo "2350"]
[PlyCount "87"]
[GameId "2160767912717544"]
[EventDate "1985.12.26"]
[EventType "tourn"]
[EventRounds "11"]
[EventCountry "CAN"]
[SourceTitle "EXT 1999"]
[Source "ChessBase"]
[SourceDate "1998.11.10"]
[SourceVersion "1"]
[SourceVersionDate "1998.11.10"]
[SourceQuality "1"]

1. e4 e5 2. Nf3 Nc6 3. Bb5 a6 4. Ba4 Nf6 5. O-O Be7 6. Re1 b5 7. Bb3 d6 8. c3 O-O 9. d3 Be6 10. Bxe6 fxe6 11. d4 exd4 12. cxd4 d5 13. e5 Ne4 14. Nbd2 Bb4 15. Nxe4 Rxf3 16. Qxf3 Bxe1 17. Ng5 Qe7 18. Be3 h6 19. Rxe1 Rf8 20. Qg4 hxg5 21. Bxg5 Qf7 22. Be3 Ne7 23. Rc1 Nf5 24. Bd2 Nh6 25. Qe2 Nf5 26. Qd3 Nh4 27. Qg3 Nf5 28. Qf4 Qh5 29. f3 Rf7 30. Rd1 Ne7 31. Qg5 Qh7 32. Bb4 Nc6 33. Be1 Qc2 34. Qd2 Qg6 35. Rc1 Nd8 36. Qc2 Qg5 37. Bd2 Qh4 38. Qd3 c6 39. Ba5 Nb7 40. Be1 Qg5 41. Rxc6 Rf8 42. Bd2 Qh4 43. b4 Rf5 44. Rxe6 1-0

[Event "Kalev Pugi mem"]
[Site "Toronto CAN"]
[Date "1985.??.??"]
[Round "6"]
[White "Hartman, Brian"]
[Black "Findlay, Ian"]
[Result "1-0"]
[WhiteElo "2350"]
[BlackElo "2310"]
[PlyCount "77"]
[GameId "2160767912717546"]
[EventDate "1985.12.26"]
[EventType "tourn"]
[EventRounds "11"]
[EventCountry "CAN"]
[SourceTitle "EXT 1999"]
[Source "ChessBase"]
[SourceDate "1998.11.10"]
[SourceVersion "1"]
[SourceVersionDate "1998.11.10"]
[SourceQuality "1"]

1. e4 e5 2. Nf3 Nc6 3. Bb5 a6 4. Ba4 Nf6 5. O-O Be7 6. Re1 b5 7. Bb3 O-O 8. c3 d6 9. h3 Re8 10. d4 Bb7 11. Nbd2 Bf8 12. Bc2 g6 13. d5 Nb8 14. c4 c6 15. b3 Nbd7 16. Nf1 Rc8 17. Bd2 a5 18. g4 Nc5 19. Ng3 bxc4 20. bxc4 Ba6 21. Ba4 Nd3 22. dxc6 h6 23. Bb5 Bxb5 24. cxb5 Qb6 25. Qe2 Qxb5 26. g5 Nh7 27. Red1 Qa6 28. Rac1 hxg5 29. Be1 Nc5 30. Qxa6 Nxa6 31. Bxa5 Nc5 32. c7 Ra8 33. Bb6 Rec8 34. Bxc5 dxc5 35. Nxe5 Kg7 36. Rd7 Re8 37. Nc6 Nf6 38. Rd8 Ng8 39. Nb8 1-0

[Event "Kalev Pugi mem"]
[Site "Toronto CAN"]
[Date "1985.??.??"]
[Round "8"]
[White "Hartman, Brian"]
[Black "Morrison, Robert"]
[Result "1-0"]
[WhiteElo "2401"]
[BlackElo "2358"]
[PlyCount "81"]
[GameId "2160767912717558"]
[EventDate "1985.12.26"]
[EventType "tourn"]
[EventRounds "11"]
[EventCountry "CAN"]

1. e4 c5 2. Nf3 e6 3. d4 cxd4 4. Nxd4 Nc6 5. Nc3 a6 6. Be2 Nge7 7. O-O Nxd4 8. Qxd4 Nc6 9. Qd3 Qc7 10. f4 d6 11. Qg3 g6 12. Kh1 Bg7 13. f5 Bd7 14. Bg5 Ne5 15. Rad1 h6 16. Be3 Bc6 17. Bd4 O-O-O 18. b4 Qe7 19. fxe6 fxe6 20. a4 Rdf8 21. b5 axb5 22. axb5 Be8 23. Na4 Rxf1+ 24. Rxf1 Qc7 25. Nb6+ Kd8 26. c4 Ke7 27. Be3 Bf7 28. Rc1 Rd8 29. h3 Kf8 30. Na4 Ra8 31. Nb6 Ra2 32. Bf1 Kg8 33. Qe1 Kh7 34. Qb4 Bf8 35. Qb3 Ra5 36. Bd4 d5 37. exd5 exd5 38. c5 Bg7 39. Qg3 Qe7 40. Re1 Ra2 41. Bxe5 1-0

[Event "Kalev Pugi mem"]
[Site "Toronto CAN"]
[Date "1985.??.??"]
[Round "9"]
[White "Simon, Paul"]
[Black "Hartman, Brian"]
[Result "1/2-1/2"]
[WhiteElo "2222"]
[BlackElo "2401"]
[PlyCount "186"]
[GameId "2160767912717566"]
[EventDate "1985.12.26"]
[EventType "tourn"]
[EventRounds "11"]
[EventCountry "CAN"]

1. e4 c5 2. Nf3 Nc6 3. d4 cxd4 4. Nxd4 e6 5. Nc3 d6 6. Be2 Be7 7. Be3 Nf6 8. O-O O-O 9. f4 a6 10. a4 Re8 11. Kh1 Qc7 12. Qe1 Nxd4 13. Bxd4 e5 14. fxe5 dxe5 15. Qg3 Bd8 16. Be3 Kh8 17. Bg5 Be6 18. Rad1 Ng8 19. Be3 Ne7 20. Bg4 Ng6 21. Bxe6 fxe6 22. Rd3 b5 23. axb5 axb5 24. Qf2 Qb7 25. b4 Be7 26. Bc5 Rf8 27. Rf3 Rxf3 28. gxf3 Qc6 29. Rd1 h6 30. Rg1 Bxc5 31. Qxc5 Qxc5 32. bxc5 Nh4 33. Rb1 Rf8 34. Nxb5 Rc8 35. Nd6 Rxc5 36. c4 Nxf3 37. Rb5 Rc6 38. c5 Kh7 39. Nc4 Rc7 40. Ra5 Nd4 41. Nxe5 Nb3 42. Ra3 Rxc5 43. Rxb3 Rxe5 44. Rb4 Kg6 45. Kg2 Rh5 46. Kg3 Kf6 47. h4 Ra5 48. Kf4 g5+ 49. hxg5+ hxg5+ 50. Kg4 Ra1 51. Rb5 Rg1+ 52. Kf3 Rf1+ 53. Ke2 Rf4 54. Ke3 Rh4 55. Kf3 Rf4+ 56. Ke3 Rf1 57. Ke2 Ra1 58. Kf3 Ra4 59. Rc5 Ra1 60. Rb5 Kg6 61. Re5 Rf1+ 62. Kg2 Rf6 63. Kg3 Kh5 64. Ra5 Rf8 65. Re5 Rf6 66. Kh3 Rg6 67. Kg3 Rh6 68. Ra5 Kg6 69. Re5 Kf6 70. Ra5 Rh1 71. Kg2 Rc1 72. Kf3 Rb1 73. Rc5 Rb3+ 74. Kg4 Rb1 75. Kf3 Kg6 76. Rc6 Kf6 77. Rc5 Rf1+ 78. Ke2 Rg1 79. Kf2 Rh1 80. Kg2 Rh4 81. Kf3 Rh3+ 82. Kg4 Re3 83. Rxg5 Rxe4+ 84. Kf3 Re1 85. Ra5 Rb1 86. Ke4 Rb4+ 87. Ke3 Rb6 88. Ke4 Rb8 89. Rc5 Rb4+ 90. Ke3 e5 91. Rc8 Ke7 92. Ra8 Ke6 93. Re8+ Kd5 1/2-1/2

[Event "Kalev Pugi mem"]
[Site "Toronto CAN"]
[Date "1985.??.??"]
[Round "10"]
[White "Stone, Raymond"]
[Black "Hartman, Brian"]
[Result "0-1"]
[WhiteElo "2270"]
[BlackElo "2350"]
[PlyCount "52"]
[GameId "2160767912717572"]
[EventDate "1985.12.26"]
[EventType "tourn"]
[EventRounds "11"]
[EventCountry "CAN"]
[SourceTitle "EXT 1999"]
[Source "ChessBase"]
[SourceDate "1998.11.10"]
[SourceVersion "1"]
[SourceVersionDate "1998.11.10"]
[SourceQuality "1"]

1. Nf3 c5 2. c4 g6 3. e4 Bg7 4. d4 cxd4 5. Nxd4 Nc6 6. Be3 Nf6 7. Nc3 O-O 8. Be2 d6 9. O-O a6 10. Qd2 Ng4 11. Bxg4 Bxg4 12. f4 Bd7 13. f5 Ne5 14. b3 Ng4 15. Rad1 Nxe3 16. Qxe3 b5 17. Nd5 bxc4 18. bxc4 Rc8 19. Qg5 Re8 20. fxg6 fxg6 21. Rd3 Rc5 22. Nf5 Rxd5 23. Nxe7+ Qxe7 24. Qxd5+ Be6 25. Qxd6 Qxd6 26. Rxd6 Bxc4 0-1